Профилактика жестокого обращения с детьми (Запись № 11465381)

Подробности
000 -МАРКЕР
контрольное поле 02632nam0a2200445 4500
001 - ИДЕНТИФИКАТОР ЗАПИСИ
контрольное поле RU\NLR\BIBL_A\011717681
005 - ИДЕНТИФИКАТОР ВЕРСИИ
контрольное поле 20180710110053.0
010 ## - МЕЖДУНАРОДНЫЙ СТАНДАРТНЫЙ НОМЕР КНИГИ (ISBN)
Номер (ISBN) 978-5-7148-0597-4
Тираж 200
021 ## - НОМЕР ГОСУДАРСТВЕННОЙ РЕГИСТРАЦИИ
Код страны Российская Федерация
Номер КН-П-18-032213
Номер Листа государственной регистраци КН-П-18-2344
035 ## - ДРУГИЕ СИСТЕМНЫЕ НОМЕРА
Идентификатор записи (NLR Aleph) 011717681
035 ## - ДРУГИЕ СИСТЕМНЫЕ НОМЕРА
Идентификатор записи (RuMoRGB)009621725
100 ## - ДАННЫЕ ОБЩЕЙ ОБРАБОТКИ
Данные общей обработки 20180601d2017 k y0rusy50 ca
101 0# - ЯЗЫК РЕСУРСА
Язык текста, звукозаписи и т.д. русский
102 ## - СТРАНА ПУБЛИКАЦИИ ИЛИ ПРОИЗВОДСТВА
Страна публикации Российская Федерация
105 ## - ПОЛЕ КОДИРОВАННЫХ ДАННЫХ: ТЕКСТОВЫЕ МАТЕРИАЛЫ, МОНОГРАФИЧЕСКИЕ
Кодированные данные о монографическом текстовом документе y|||z|||000zy
200 1# - ЗАГЛАВИЕ И СВЕДЕНИЯ ОБ ОТВЕТСТВЕННОСТИ
Основное заглавие Профилактика жестокого обращения с детьми
Сведения, относящиеся к заглавию методическое пособие
Первые сведения об ответственности Департамент образования и науки Кемеровской области, Кузбасский региональный институт повышения квалификации и переподгототовки работников образования
Последующие сведения об ответственности [составители: Л. А. Александрова, кандидат психологическихъ наук и др.]
210 ## - ПУБЛИКАЦИЯ, РАСПРОСТРАНЕНИЕ И ДР.
Место издания, распространения и т.д. Кемерово
Имя издателя, распространителя и т. д. Изд-во КРИПКиПРО
Дата издания, распространения и т.д. 2017
215 ## - ФИЗИЧЕСКАЯ ХАРАКТЕРИСТИКА
Специфическое обозначение материала и объем 119 с.
Размеры 21
320 ## - ПРИМЕЧАНИЯ О НАЛИЧИИ В ДОКУМЕНТЕ БИБЛИОГРАФИИ / УКАЗАТЕЛЯ
Текст примечания Библиогр. в конце тем
606 1# - НАИМЕНОВАНИЕ ТЕМЫ КАК ПРЕДМЕТ
Наименование темы Насилие над детьми
Формальный подзаголовок Методические пособия
Тематический подзаголовок Предупреждение
Географический подзаголовок Российская Федерация
Системный номер авторитетной/нормативной записи 2599752
Идентификатор авторитетной/нормативной записи RU\NLR\AUTH\661536310
606 1# - НАИМЕНОВАНИЕ ТЕМЫ КАК ПРЕДМЕТ
Наименование темы Насилие над детьми
Формальный подзаголовок Методические пособия
Тематический подзаголовок Социально-психологические исследования
Системный номер авторитетной/нормативной записи 2257498
Идентификатор авторитетной/нормативной записи RU\NLR\AUTH\661353778
606 1# - НАИМЕНОВАНИЕ ТЕМЫ КАК ПРЕДМЕТ
Наименование темы Социальные педагоги
Формальный подзаголовок Методические пособия
Тематический подзаголовок Методика работы с неблагополучными семьями
Системный номер авторитетной/нормативной записи 2575151
Идентификатор авторитетной/нормативной записи RU\NLR\AUTH\661522636
686 ## - ИНДЕКСЫ ДРУГИХ КЛАССИФИКАЦИЙ
Индекс Ю956-997-734,07
Код системы
686 ## - ИНДЕКСЫ ДРУГИХ КЛАССИФИКАЦИЙ
Индекс Ю984.92,07
Код системы
686 ## - ИНДЕКСЫ ДРУГИХ КЛАССИФИКАЦИЙ
Индекс Ч421,6(2)42,07
Код системы
686 ## - ИНДЕКСЫ ДРУГИХ КЛАССИФИКАЦИЙ
Индекс Ч491,6(2)0,07
Код системы
686 1# - ИНДЕКСЫ ДРУГИХ КЛАССИФИКАЦИЙ
Индекс Х628.322.13я7
686 1# - ИНДЕКСЫ ДРУГИХ КЛАССИФИКАЦИЙ
Индекс С550.325.2я7
686 1# - ИНДЕКСЫ ДРУГИХ КЛАССИФИКАЦИЙ
Индекс Ю984.92я7
686 1# - ИНДЕКСЫ ДРУГИХ КЛАССИФИКАЦИЙ
Индекс Ч313.34я7
686 1# - ИНДЕКСЫ ДРУГИХ КЛАССИФИКАЦИЙ
Индекс Ч421.421соц.пед.я7
702 #1 - ИМЯ ЛИЦА - ВТОРИЧНАЯ ОТВЕТСТВЕННОСТЬ
Код отношения Составитель
Графика поля Кириллица
Материалы, к которым относится поле rus
Начальный элемент ввода Александрова
Часть имени, кроме начального элемента ввода Л. А.
Дополнения к именам, кроме дат канд. психол. наук
Даты 1967-
Расширение инициалов личного имени Лада Анатольевна
Системный номер авторитетной/нормативной записи 17135
Идентификатор авторитетной/нормативной записи RU\NLR\AUTH\7734129
712 02 - НАИМЕНОВАНИЕ ОРГАНИЗАЦИИ - ВТОРИЧНАЯ ОТВЕТСТВЕННОСТЬ
Код отношения Прочие
Начальный элемент ввода Кузбасский региональный институт повышения квалификации и переподготовки работников образования
Идентифицирующий признак Кемерово
Системный номер авторитетной/нормативной записи 598376
Идентификатор авторитетной/нормативной записи RU\NLR\AUTH\8810049173
942 ## - ДОПОЛНИТЕЛЬНЫЕ ЭЛЕМЕНТЫ ЗАПИСИ (АБИС)
Тип экземпляра АБИС Книга
980 ## - КОЛЛЕКЦИЯ
Название коллекции НБР
980 ## - КОЛЛЕКЦИЯ
Название коллекции Национальная библиография

Нет доступных экземпляров.